000
00305nam a2200133Ia 4500
008
240624s9999 xx 000 0 und d
041
_a
eng
082
_a
828 SAI
100
_a
SAINI ANGELA
245
_a
GEEK NATION
260
_c
2010
_a
New Delhi
_b
Hachette India
300
_a
280 : p.
365
_c
RS
_b
25
999
_c
17333
_d
17333